01643cam a22004574i 4500003000900000005001700009008004100026020001500067035002700082040003300109049000900142082001700151100002500168245002100193264006300214300003800277336002100315337002500336338002300361505015400384526001000538526001000548526001000558526001000568526000800578526000800586526000800594526000800602526000800610526000800618526000800626650001800634910001800652942001400670949012400684994001400808596000600822999015000828980005500978952015201033PE-LiUPU20250731173541.0150616s r 000 0 d a0801056926 a(Sirsi) i9780801056925 aPE-LiUPUbspacPE-LiUPUerda aPRUA04a200bL982211 aLuter, Boyd,eautor.10aTruthful Living. 1aGrand Rapids, Michigan :bBaker Book House Company,c1994. a200 páginas ;c21 centímetros atext2rdacontent aunmediated2rdamedia avolume2rdacarrier0 aThe delicate balance of truth and love.- The authoritative handbook for recovery.- The biblical basis of recovery.- The process of biblical recovery. aSEG42 aSEG41 aSEG40 aSEG39 aP94 aP87 aP86 aP85 aP77 aP76 aP3504aCRISTIANISMO. ajckbjvqcjck 2ddccBOOK a200 L98wDEWEYc1i42596lCCODEBUL1mBULr0sYtBOOKu2015-6-16xTEOLOGIAzUNKNOWN0COMPRAo.STAFF. Colección General aC0bPEPRU a1 a200 L98wDEWEYc60433i42596f2021-11-11g5lCCODEBUL1mBULr0sYtBOOKu2015-6-16xTEOLOGIAzUNKNOWN0COMPRAo.STAFF. Colección Generald60433 81gALBERTO SANCHEZ Responsable de Automatización r2025-12-02 00:00:00i6l0o200 L98p42596te1w2015-06-16xFTyBKzinventario-2023-12-13102ddc50708GENfP35aBULbBULcGENd2015-06-16eCOMPRA